[Event "Pardubice Czech op-E 33rd"]
[Site "Pardubice"]
[Date "2022.07.14"]
[Round "1.2"]
[White "Vitak, Jiri"]
[Black "Novak, Jiri"]
[Result "1-0"]
[WhiteElo "2223"]
[BlackElo "1999"]
[PlyCount "105"]
[EventDate "2022.07.14"]
[EventType "team-swiss"]
[EventRounds "7"]
[EventCountry "CZE"]
[SourceTitle "CBM 209 Extra"]
[Source "ChessBase"]
[SourceDate "2022.09.30"]
[SourceVersion "1"]
[SourceVersionDate "2022.09.30"]
[SourceQuality "1"]
[WhiteTeam "Turnov Zikuda II"]
[BlackTeam "Orlova Slavia III"]
[WhiteTeamCountry "CZE"]
[BlackTeamCountry "CZE"]

1. d4 e6 2. c4 c5 3. d5 exd5 4. cxd5 d6 5. Nc3 Nf6 6. Nf3 Be7 7. h3 a6 8. a4 0-0 9. e4 Re8 10. Bd3 Nbd7 11. 0-0 Nf8 12. Bf4 Ng6 13. Bh2 Rb8 14. Re1 Nd7 15. Bf1 Qb6 16. Qc2 Nde5 17. Nxe5 dxe5 18. Nd1 Nf4 19. a5 Qg6 20. Kh1 Bd7 21. Ne3 Bb5 22. f3 Rbc8 23. Nf5 c4 24. Nxe7+ Rxe7 25. Bxf4 exf4 26. Qc3 Qd6 27. Rac1 Rec7 28. Rcd1 f6 29. e5 fxe5 30. Rxe5 h6 31. Re6 Qd8 32. d6 Rf7 33. Re4 Qf6 34. Qxf6 Rxf6 35. d7 Rd8 36. Bxc4+ Bxc4 37. Rxc4 Kf8 38. Rb4 Rf5 39. Rdd4 Ke7 40. Rxb7 Rxa5 41. Re4+ Kd6 42. Rxf4 Kc6 43. Rfb4 Rb5 44. R7xb5 axb5 45. Rd4 Rxd7 46. Rxd7 Kxd7 47. Kg1 Kd6 48. Kf2 Kd5 49. Ke3 Kc4 50. Kd2 g5 51. g3 h5 52. Ke3 Kb3 53. f4 1-0

[Event "Titled Tuesday intern op 7th July"]
[Site "Chess.com INT"]
[Date "2020.07.07"]
[Round "3"]
[White "Novak, Jiri"]
[Black "Nguyen, Hong Nhung"]
[Result "1/2-1/2"]
[WhiteElo "1867"]
[BlackElo "1697"]
[PlyCount "152"]
[EventDate "2020.07.07"]
[EventType "swiss (blitz)"]
[EventRounds "10"]
[EventCountry "USA"]
[SourceTitle "CBM 197 Extra"]
[Source "ChessBase"]
[SourceDate "2020.09.30"]
[SourceVersion "1"]
[SourceVersionDate "2020.09.30"]
[SourceQuality "1"]

1. e4 c5 2. c3 Nf6 3. e5 Nd5 4. d4 cxd4 5. Nf3 Nc6 6. cxd4 e6 7. a3 d6 8. Bd3 dxe5 9. dxe5 Qc7 10. 0-0 Be7 11. Qe2 Bd7 12. Bd2 0-0 13. Nc3 Nxc3 14. Bxc3 Rfd8 15. Rac1 Be8 16. Qe4 g6 17. Bd2 Bf8 18. Bg5 Rd5 19. Bf6 Qb6 20. b4 Nd4 21. Ng5 Nf5 22. Bc4 Rd4 23. Qe2 h6 24. Nf3 Rd7 25. Rfd1 Rc8 26. Ba2 Rdc7 27. Rxc7 Qxc7 28. g4 Ne7 29. Nd4 a6 30. Qe4 Bc6 31. Qf4 Nd5 32. Qg3 Nxf6 33. exf6 Qxg3+ 34. hxg3 Rd8 35. Rd2 e5 36. Nf3 Rxd2 37. Nxd2 Bd6 38. Nc4 Bc7 39. Bb1 b5 40. Nd2 Bd8 41. Ne4 Bxe4 42. Bxe4 Bxf6 43. Kf1 Bd8 44. Ke2 a5 45. Bc6 axb4 46. axb4 Be7 47. Bxb5 Bxb4 48. Bc6 Kg7 49. Be4 Bc5 50. f3 Kf6 51. Bc2 Kg5 52. Bd3 f5 53. gxf5 gxf5 54. Kf1 Be3 55. Ke2 Bd4 56. Bc2 Bc3 57. Bd3 h5 58. Bc2 Bd4 59. Bd3 Bg1 60. Bc2 Bh2 61. Kf2 h4 62. gxh4+ Kxh4 63. Bxf5 Kg5 64. Be4 Bf4 65. Ke2 Kf6 66. Kd3 Kg5 67. Ke2 Kf6 68. Kd3 Kg5 69. Kc4 Kh4 70. Kd5 Kg3 71. Ke6 Kf2 72. Kf5 Ke3 73. Ke6 Kf2 74. Kf5 Ke3 75. Ke6 Kd2 76. Kf5 Ke3 1/2-1/2

[Event "Kouty nad Desnou op-A"]
[Site "Kouty nad Desnou"]
[Date "2014.03.11"]
[Round "5"]
[White "Pycha, Patrik"]
[Black "Novak, Jiri"]
[Result "1/2-1/2"]
[WhiteElo "1997"]
[BlackElo "1869"]
[PlyCount "126"]
[EventDate "2014.03.08"]
[EventType "swiss"]
[EventRounds "9"]
[EventCountry "CZE"]
[SourceTitle "EXT 2015"]
[Source "ChessBase"]
[SourceDate "2014.11.20"]
[SourceVersion "1"]
[SourceVersionDate "2014.11.20"]
[SourceQuality "1"]

1. e4 e5 2. Nf3 Nc6 3. Bb5 a6 4. Bxc6 dxc6 5. 0-0 Bg4 6. h3 Bxf3 7. Qxf3 Nf6 8. b3 Qd4 9. c3 Qxe4 10. Qxe4 Nxe4 11. Re1 Nc5 12. Rxe5+ Kd7 13. Ba3 Ne6 14. Bxf8 Nxf8 15. Na3 Ng6 16. Re3 Rae8 17. Nc4 b6 18. Kf1 f6 19. Rae1 Nf4 20. b4 Rxe3 21. dxe3 Nd5 22. Rc1 Re8 23. Nb2 Ra8 24. e4 Nf4 25. Nc4 a5 26. bxa5 b5 27. Ne3 Rxa5 28. Rc2 Ra4 29. f3 Ne6 30. Ke1 Ra3 31. Kd2 Nc5 32. c4 b4 33. Rb2 b3 34. axb3 Nxb3+ 35. Ke2 Nc1+ 36. Kd1 Nd3 37. Rd2 Ke8 38. Ke2 Nc5 39. Rc2 g6 40. f4 Nd3 41. g3 Ke7 42. c5 Rb3 43. f5 Kf7 44. fxg6+ hxg6 45. h4 Ke6 46. g4 Ke5 47. Nc4+ Kf4 48. h5 Kxg4 49. hxg6 Nf4+ 50. Kd1 Nxg6 51. Na5 Rb1+ 52. Kd2 Ne5 53. Nc4 Nxc4+ 54. Rxc4 Kf4 55. Ra4 Rb5 56. Kd3 Rxc5 57. Ra7 Re5 58. Rxc7 Rxe4 59. Rxc6 f5 60. Rc1 Ra4 61. Rf1+ Ke5 62. Re1+ Kd5 63. Ke3 Re4+ 1/2-1/2

[Event "Stare Mesto op"]
[Site "Stare Mesto"]
[Date "2013.08.15"]
[Round "8"]
[White "Cherednichenko, Elena"]
[Black "Novak, Jiri"]
[Result "1-0"]
[WhiteElo "2167"]
[BlackElo "2008"]
[PlyCount "67"]
[EventDate "2013.08.09"]
[EventType "swiss"]
[EventRounds "10"]
[EventCountry "CZE"]
[SourceTitle "CBM 155 Extra"]
[Source "ChessBase"]
[SourceDate "2013.08.26"]
[SourceVersion "1"]
[SourceVersionDate "2013.08.26"]
[SourceQuality "1"]

1. d4 Nf6 2. Nf3 e6 3. e3 d5 4. Bd3 c5 5. b3 Nc6 6. Bb2 a6 7. Ne5 Nb4 8. Be2 Bd7 9. a3 Nc6 10. 0-0 cxd4 11. exd4 Bd6 12. f4 0-0 13. Nd2 Rc8 14. Bd3 Ne7 15. Qe2 Qb6 16. Ndf3 Ng6 17. Ng5 Rce8 18. h4 Bxe5 19. fxe5 Ne4 20. Bxe4 dxe4 21. Qh5 h6 22. Nxe4 Qc6 23. Nc3 Kh7 24. Rae1 Qb6 25. Ne4 Rc8 26. Rf2 Be8 27. Qg4 Ne7 28. Nd6 Rd8 29. Qe4+ f5 30. Qxb7 Qxb7 31. Nxb7 Rb8 32. Nc5 Rb6 33. c4 Bf7 34. Nd7 1-0

[Event "Stare Mesto op"]
[Site "Stare Mesto"]
[Date "2013.08.13"]
[Round "6"]
[White "Dobes, Vojtech"]
[Black "Novak, Jiri"]
[Result "1-0"]
[WhiteElo "2105"]
[BlackElo "2008"]
[PlyCount "75"]
[EventDate "2013.08.09"]
[EventType "swiss"]
[EventRounds "10"]
[EventCountry "CZE"]
[SourceTitle "CBM 155 Extra"]
[Source "ChessBase"]
[SourceDate "2013.08.26"]
[SourceVersion "1"]
[SourceVersionDate "2013.08.26"]
[SourceQuality "1"]

1. e4 d6 2. d4 Nf6 3. Nc3 g6 4. Be3 Bg7 5. Qd2 0-0 6. Bh6 Re8 7. h4 e5 8. d5 c6 9. Bxg7 Kxg7 10. h5 Ng8 11. 0-0-0 c5 12. Nf3 h6 13. hxg6 fxg6 14. Kb1 Qf6 15. Be2 Rf8 16. Rhf1 a6 17. a4 Qd8 18. Ng1 Nd7 19. g3 Ndf6 20. f4 Ng4 21. Rde1 N8f6 22. Bxg4 Nxg4 23. Nf3 Re8 24. fxe5 Nxe5 25. Nxe5 Rxe5 26. Rf2 b5 27. Ref1 Ra7 28. axb5 axb5 29. Nxb5 Rb7 30. Rf8 Qb6 31. c4 Bf5 32. exf5 Kxf8 33. Qxh6+ Kg8 34. Rh1 gxf5 35. Qh8+ Kf7 36. Rh7+ Kg6 37. Qg8+ Kf6 38. Rh6+ 1-0

[Event "Belgrade Trophy 26th"]
[Site "Belgrade"]
[Date "2012.11.24"]
[Round "1"]
[White "Savic, Miodrag R"]
[Black "Novak, Jiri"]
[Result "1-0"]
[WhiteElo "2530"]
[BlackElo "2011"]
[PlyCount "157"]
[EventDate "2012.11.24"]
[EventType "swiss"]
[EventRounds "9"]
[EventCountry "SRB"]
[SourceTitle "CBM 151 Extra"]
[Source "ChessBase"]
[SourceDate "2012.12.18"]
[SourceVersion "1"]
[SourceVersionDate "2012.12.18"]
[SourceQuality "1"]

1. e4 e5 2. Nf3 Nc6 3. Bb5 a6 4. Ba4 Nf6 5. 0-0 Be7 6. Re1 b5 7. Bb3 0-0 8. h3 d6 9. c3 Na5 10. Bc2 c5 11. d4 Nc6 12. d5 Nb8 13. a4 bxa4 14. Bxa4 Bd7 15. Bc2 Ne8 16. Nbd2 f5 17. exf5 Bxf5 18. Bxf5 Rxf5 19. Nc4 Nd7 20. Na5 Nc7 21. c4 Qe8 22. Nc6 Qf8 23. Ra3 Nb8 24. Na5 Qd8 25. Bd2 Ne8 26. Rb3 Rf7 27. Rb7 Qc8 28. Qa4 Kf8 29. Re3 Bd8 30. Rxf7+ Kxf7 31. Rb3 Ra7 32. Rxb8 Qxb8 33. Nc6 Qa8 34. Nxa7 Qxa7 35. Bg5 Nf6 36. Bxf6 Bxf6 37. Qc6 Qe7 38. Nh2 h5 39. Nf1 e4 40. b3 a5 41. Ne3 g6 42. Qb6 Bc3 43. Kf1 Bb4 44. Qc6 Qf6 45. Qd7+ Kf8 46. Kg1 Be1 47. Nd1 Bd2 48. Kf1 Bb4 49. g3 Bd2 50. Kg1 Qe5 51. Kg2 Bg5 52. Qe6 Qxe6 53. dxe6 Bd2 54. Kf1 Ke7 55. Ke2 Bc1 56. Nc3 Kxe6 57. Nxe4 Ke5 58. Kd3 g5 59. Nc3 g4 60. hxg4 hxg4 61. Nd5 Bg5 62. Nb6 Bd8 63. Na4 Be7 64. Nc3 Bf8 65. Nd5 Bg7 66. Ne3 Ke6 67. Nxg4 d5 68. cxd5+ Kxd5 69. Ne3+ Kc6 70. Kc4 Bd4 71. g4 Kd7 72. Kb5 Ke6 73. Kxa5 Kf6 74. Kb5 Kg5 75. Kc4 Kf4 76. b4 Kf3 77. bxc5 Be5 78. g5 Kxf2 79. Ng4+ 1-0

[Event "CZE-chT1E 1112"]
[Site "Czech Republic"]
[Date "2011.11.27"]
[Round "4"]
[White "Novak, Jiri"]
[Black "Koutny, Petr"]
[Result "1/2-1/2"]
[WhiteElo "2020"]
[BlackElo "2156"]
[PlyCount "101"]
[EventDate "2011.10.02"]
[EventType "team-tourn"]
[EventRounds "11"]
[EventCountry "CZE"]
[SourceTitle "EXT 2013"]
[Source "ChessBase"]
[SourceDate "2012.11.22"]
[SourceVersion "1"]
[SourceVersionDate "2012.11.22"]
[SourceQuality "1"]
[WhiteTeam "Orlova Slavia"]
[BlackTeam "Zlin II"]
[WhiteTeamCountry "CZE"]
[BlackTeamCountry "CZE"]

1. e4 c5 2. c4 Nc6 3. Nc3 g6 4. Nge2 Bg7 5. Ng3 e6 6. Be2 Nge7 7. 0-0 0-0 8. Rb1 d5 9. d3 Nd4 10. Bf3 dxc4 11. dxc4 Nec6 12. Bf4 Ne5 13. Bxe5 Bxe5 14. Nb5 Qf6 15. Nxd4 Bxd4 16. Qb3 h5 17. Ne2 Be5 18. g3 Bd7 19. Bg2 Bc6 20. Qe3 Rfd8 21. b3 Bd4 22. Nxd4 Qxd4 23. Qxd4 Rxd4 24. f3 Rad8 25. Rb2 Kg7 26. Re1 h4 27. Kf2 Rh8 28. Ke3 hxg3 29. hxg3 Rh2 30. Rh1 Rxh1 31. Bxh1 Rd1 32. Bg2 Kf6 33. f4 e5 34. Rd2 Re1+ 35. Kf2 Rc1 36. Ke3 a5 37. Bf3 a4 38. Rd6+ Ke7 39. Rd1 Rc2 40. Rd2 axb3 41. axb3 Rc1 42. Rd1 Rc2 43. Rd2 Rxd2 44. Kxd2 f5 45. Ke3 Kf6 46. Be2 g5 47. Bf3 exf4+ 48. gxf4 g4 49. e5+ Kg6 50. Bxc6 bxc6 51. Kf2 1/2-1/2

[Event "CZE-chT1E 1112"]
[Site "Czech Republic"]
[Date "2011.11.13"]
[Round "3"]
[White "Zimniok, Lubomir"]
[Black "Novak, Jiri"]
[Result "1/2-1/2"]
[WhiteElo "2125"]
[BlackElo "2020"]
[PlyCount "88"]
[EventDate "2011.10.02"]
[EventType "team-tourn"]
[EventRounds "11"]
[EventCountry "CZE"]
[SourceTitle "EXT 2012"]
[Source "ChessBase"]
[SourceDate "2011.11.24"]
[SourceVersion "1"]
[SourceVersionDate "2011.11.24"]
[SourceQuality "1"]
[WhiteTeam "Karvina"]
[BlackTeam "Orlova Slavia"]
[WhiteTeamCountry "CZE"]
[BlackTeamCountry "CZE"]

1. e4 e5 2. Bc4 Nf6 3. d4 exd4 4. Nf3 d5 5. exd5 Bb4+ 6. c3 Qe7+ 7. Be2 dxc3 8. 0-0 cxb2 9. Bxb2 0-0 10. Nc3 Rd8 11. Bc4 Qc5 12. Qb3 Bxc3 13. Bxc3 Ne4 14. Bd4 Qf8 15. Qc2 Nd6 16. Bd3 h6 17. Qxc7 Nd7 18. Rfe1 Nf6 19. Bxf6 gxf6 20. Qc3 Ne8 21. Qc4 Qd6 22. Qh4 Kg7 23. Re3 f5 24. Rae1 Nf6 25. Nd4 f4 26. Re5 Nxd5 27. R5e4 Qf6 28. Qxf6+ Kxf6 29. Bc4 Rb8 30. Bxd5 Rxd5 31. Rxf4+ Kg6 32. Nf3 Be6 33. Nd4 Re8 34. Rfe4 Kf6 35. f4 Rdd8 36. Nf3 Rg8 37. R4e2 Bc4 38. Rb2 Bd5 39. Ne5 Kf5 40. g3 f6 41. g4+ Rxg4+ 42. Nxg4 Kxg4 43. Rf2 Rg8 44. Rd1 Kf5+ 1/2-1/2

[Event "CZE-chT1E 1011"]
[Site "Czech Republic"]
[Date "2011.03.20"]
[Round "10"]
[White "Novak, Jiri"]
[Black "Sveda, Jiri"]
[Result "0-1"]
[WhiteElo "2042"]
[BlackElo "1952"]
[PlyCount "50"]
[EventDate "2010.10.10"]
[EventType "team-tourn"]
[EventRounds "11"]
[EventCountry "CZE"]
[SourceTitle "EXT 2012"]
[Source "ChessBase"]
[SourceDate "2011.11.24"]
[SourceVersion "1"]
[SourceVersionDate "2011.11.24"]
[SourceQuality "1"]
[WhiteTeam "Orlova Slavia"]
[BlackTeam "Litovel II"]
[WhiteTeamCountry "CZE"]
[BlackTeamCountry "CZE"]

1. e4 e6 2. d4 d5 3. exd5 exd5 4. Bd3 Bd6 5. Nf3 Nf6 6. 0-0 0-0 7. Bg5 Bg4 8. h3 Bh5 9. Nbd2 Nbd7 10. c3 c6 11. Bf5 Qc7 12. Qc2 Bf4 13. Rae1 Rfe8 14. Bd3 Bg6 15. Bxg6 hxg6 16. b4 a5 17. Rxe8+ Rxe8 18. Bxf4 Qxf4 19. bxa5 Ne4 20. Rb1 Qc7 21. Nb3 Ndf6 22. Qd3 Nh5 23. Ne5 Nf4 24. Qe3 Nxc3 25. Qxf4 Ne2+ 0-1

[Event "Kouty nad Desnou op-A"]
[Site "Kouty nad Desnou"]
[Date "2011.03.14"]
[Round "4"]
[White "Mriso, Milos"]
[Black "Novak, Jiri"]
[Result "1/2-1/2"]
[WhiteElo "1796"]
[BlackElo "1692"]
[PlyCount "100"]
[EventDate "2011.03.12"]
[EventType "swiss"]
[EventRounds "9"]
[EventCountry "CZE"]
[SourceTitle "EXT 2014"]
[Source "ChessBase"]
[SourceDate "2013.11.20"]
[SourceVersion "1"]
[SourceVersionDate "2013.11.20"]
[SourceQuality "1"]

1. Nf3 g6 2. g3 Bg7 3. Bg2 d5 4. d3 Nf6 5. Nbd2 Nc6 6. 0-0 0-0 7. e4 dxe4 8. dxe4 e5 9. c3 Be6 10. b3 Qc8 11. Re1 Bh3 12. Bh1 Bg4 13. Qc2 Qd7 14. Bb2 Rad8 15. Rad1 Qe7 16. Nc4 Rxd1 17. Rxd1 Bxf3 18. Bxf3 Rd8 19. Ba3 Qe8 20. Ne3 Rd7 21. Rxd7 Qxd7 22. Qd1 Qxd1+ 23. Nxd1 Bf8 24. Bc1 Kg7 25. Kf1 Bc5 26. Ke2 Ne7 27. Ne3 b5 28. Ng4 Nxg4 29. Bxg4 f5 30. exf5 gxf5 31. Bh3 Kf6 32. Bg2 Ke6 33. h3 Nd5 34. Bxd5+ Kxd5 35. Be3 a5 36. Bxc5 Kxc5 37. Ke3 Kd5 38. f3 c5 39. a3 h5 40. g4 f4+ 41. Kd3 hxg4 42. hxg4 c4+ 43. bxc4+ bxc4+ 44. Ke2 e4 45. fxe4+ Kxe4 46. Kf2 a4 47. Ke2 f3+ 48. Kf2 Kf4 49. g5 Kxg5 50. Kxf3 Kf5 1/2-1/2

[Event "CZE-chT1E 1011"]
[Site "Czech Republic"]
[Date "2010.10.10"]
[Round "1.8"]
[White "Novak, Jiri"]
[Black "Zatloukal, Petr"]
[Result "0-1"]
[WhiteElo "2042"]
[BlackElo "2110"]
[PlyCount "106"]
[EventDate "2010.10.10"]
[EventType "team-tourn"]
[EventRounds "11"]
[EventCountry "CZE"]
[SourceTitle "EXT 2012"]
[Source "ChessBase"]
[SourceDate "2011.11.24"]
[SourceVersion "1"]
[SourceVersionDate "2011.11.24"]
[SourceQuality "1"]
[WhiteTeam "Orlova Slavia"]
[BlackTeam "Grygov II"]
[WhiteTeamCountry "CZE"]
[BlackTeamCountry "CZE"]

1. c4 e5 2. Nc3 Nc6 3. e3 g6 4. d4 d6 5. d5 Nb8 6. Bd3 Nd7 7. Nge2 Bg7 8. 0-0 f5 9. e4 Nc5 10. f4 fxe4 11. Nxe4 Nxe4 12. Bxe4 Nf6 13. Bc2 0-0 14. fxe5 dxe5 15. Bg5 Qd6 16. Bxf6 Rxf6 17. Ng3 Rf4 18. Ne4 Qe7 19. Qd2 Bh6 20. Qc3 Bf5 21. Rxf4 Bxf4 22. g3 Bh6 23. b4 b6 24. a4 a5 25. b5 Rf8 26. Rf1 Bh3 27. Rxf8+ Qxf8 28. Nf2 Qc5 29. Qe1 Be3 30. Bd3 Kf7 31. Qe2 Qd4 32. Qf3+ Ke7 33. Bf1 Bxf2+ 34. Qxf2 Qxf2+ 35. Kxf2 Bf5 36. Ke3 Bc2 37. Be2 Kd6 38. Kd2 Bxa4 39. Kc3 e4 40. Bg4 Ke5 41. Be2 h5 42. h4 Kd6 43. g4 hxg4 44. Bxg4 Ke5 45. h5 gxh5 46. Bxh5 Kf4 47. Kd4 Bb3 48. Be2 a4 49. Kc3 Ke3 50. Bd1 Bxd1 51. c5 Bg4 52. d6 cxd6 53. cxb6 Bc8 0-1

[Event "Orlova op 7th"]
[Site "Orlova"]
[Date "2010.05.25"]
[Round "5"]
[White "Novak, Jiri"]
[Black "Olsar, Zdenek"]
[Result "1/2-1/2"]
[WhiteElo "1690"]
[BlackElo "1999"]
[PlyCount "56"]
[EventDate "2010.05.22"]
[EventType "swiss"]
[EventRounds "7"]
[EventCountry "CZE"]
[SourceTitle "EXT 2012"]
[Source "ChessBase"]
[SourceDate "2011.11.24"]
[SourceVersion "1"]
[SourceVersionDate "2011.11.24"]
[SourceQuality "1"]

1. e4 c5 2. c4 Nc6 3. Nc3 g6 4. g3 Bg7 5. Bg2 e6 6. Nge2 Nge7 7. 0-0 0-0 8. d3 d6 9. Rb1 Nd4 10. f4 Nxe2+ 11. Qxe2 Nc6 12. Be3 Rb8 13. Qd2 Nd4 14. Ne2 b6 15. b3 Bb7 16. Bxd4 cxd4 17. f5 exf5 18. exf5 Bxg2 19. Kxg2 d5 20. fxg6 hxg6 21. Nf4 dxc4 22. bxc4 Bh6 23. Qf2 Bxf4 24. Qxf4 Rc8 25. Rbe1 Rc6 26. Re4 Rd6 27. g4 f5 28. Re5 fxg4 1/2-1/2